000 00723nam a22001457a 4500
003 OSt
005 20160331103243.0
008 160331b xxu||||| |||| 00| 0 eng d
040 _cRUA
082 _aAVM SAK 2005 B472 Or.1
100 _98263
_aSAK DAVID; សក់ ដាវីដ
245 _aThe study of diseases of post-weaning piglets at chea pheng farm in samrong tbong village, samrong commune, pornhealeu district, kandal province, សិក្សាអំពីជំងឺកូនជ្រូក ក្រោយពេលផ្ដាច់ដោះនៅកសិដ្ឋាន ជា ផេង ស្រុកពញាឭ ខេត្តកណ្ដាល
300 _aviii,33p.
_bill.
_c29cm.
942 _2ddc
_cAVM
999 _c7903
_d7903